000 00410nam a22001572 4500
001 0000008878
005 20151217160119.0
008 080613s xx 000 0 eng d
020 _a0395436869 :
_cKES
040 _aKABU
_cKABU
245 1 0 _aExplorations.
260 _aBoston :
_bHoughton Mifflin,
_c1989.
300 _a591 p.
908 _a080613
999 _c14452
_d14452